| 000 | 00361pab a2200145 454500 | ||
|---|---|---|---|
| 008 | 180718b1998 xxu||||| |||| 00| 0 eng d | ||
| 100 | _aJeer, P. | ||
| 245 | _aFinancial management in the changing scenario | ||
| 260 | _c1998 | ||
| 300 | _ap.266-69 | ||
| 362 | _aApr | ||
| 650 | _aFinancial administration | ||
| 773 | _aManagement Accountant | ||
| 909 | _a37253 | ||
| 999 |
_c37253 _d37253 |
||